00633nam a2200157 a 4500008004100000050001600041100002700057245002400084246005800108260003300166300002200199350000900221995009600230999001700326952013200343120416s1977 ||||||||||||||||| || u aT 57.85 Woo aWoodgate, Harry Samuel10aPlanning by network aproject planning and control using network techniques aLondonbBusiness Booksc1977 axii, 322p. : ill. a0.00 D0.00FCBU-MAIN LIBRARY (Kitwe)H1I10.00M1UAVAILABLEZMain Library Open Access Collection c53702d53702 00102lcc4070a001b001cMain Library Open Access Collectiond2022-11-30l0oT 57.85 Woop016178r2022-11-30w2022-11-30y002